[Event "ROM-ch U08"]
[Site "Calimanesti Caciulata"]
[Date "2019.04.16"]
[Round "2"]
[White "Cristea, George Cristian"]
[Black "Stanciu, Albert Nicolae"]
[Result "1-0"]
[WhiteElo "1001"]
[BlackElo "1067"]
[PlyCount "59"]
[EventDate "2019.04.15"]
[EventType "swiss"]
[EventRounds "9"]
[EventCountry "ROU"]
[SourceTitle "CBM 190 Extra"]
[Source "ChessBase"]
[SourceDate "2019.07.15"]
[SourceVersion "1"]
[SourceVersionDate "2019.07.15"]
[SourceQuality "1"]

1. e4 e5 2. Nf3 Nc6 3. d4 exd4 4. Bc4 Bc5 5. Ng5 Nh6 6. Nxf7 Nxf7 7. Bxf7+ Kxf7 8. Qh5+ g6 9. Qxc5 d6 10. Qc4+ Be6 11. Qd3 Kg7 12. Qd2 h6 13. 0-0 Ne5 14. Qxd4 c5 15. Qd2 d5 16. exd5 Qxd5 17. Nc3 Qxd2 18. Bxd2 Rad8 19. Bf4 Kf6 20. Rfe1 Kf5 21. Rxe5+ Kxf4 22. Rxe6 Kf5 23. Rae1 g5 24. R1e5+ Kg4 25. h3+ Kh5 26. Kh2 Rhf8 27. Ne2 Rxf2 28. Ng3+ Kh4 29. Re4+ Rf4 30. Rxh6# 1-0

[Event "ROM-ch U08"]
[Site "Calimanesti"]
[Date "2018.04.02"]
[Round "8"]
[White "Stanciu, Albert Nicolae"]
[Black "Cioculeasa, George Matei"]
[Result "1-0"]
[WhiteElo "1001"]
[BlackElo "1001"]
[PlyCount "103"]
[EventDate "2018.03.27"]
[EventType "swiss"]
[EventRounds "9"]
[EventCountry "ROU"]
[SourceTitle "CBM 183 Extra"]
[Source "ChessBase"]
[SourceDate "2018.04.19"]
[SourceVersion "1"]
[SourceVersionDate "2018.04.19"]
[SourceQuality "1"]

1. e4 e5 2. Nf3 Nc6 3. Bc4 Qe7 4. 0-0 Nf6 5. Nc3 d6 6. h3 g6 7. d3 Bd7 8. Be3 0-0-0 9. Kh1 Kb8 10. Kg1 Rc8 11. Bg5 Bg7 12. Nd5 Qd8 13. c3 h6 14. Bh4 a6 15. Qb3 Na5 16. Qb4 c6 17. Nb6 Rc7 18. Qxa5 c5 19. Bxa6 Ka7 20. b4 Rc6 21. b5 Rxb6 22. c4 bxa6 23. bxa6 Bc8 24. Rab1 g5 25. Bg3 Nd7 26. a4 Bxa6 27. Nd2 Qc7 28. Nb3 Qc6 29. Rfd1 Rb4 30. d4 Rxc4 31. dxe5 Bxe5 32. Bxe5 Nxe5 33. Rd2 Rd8 34. Qxd8 Nd7 35. Rbd1 Bb7 36. Rxd6 Qxa4 37. Rxd7 Qxb3 38. Ra1+ Ra4 39. Qe7 Rxa1+ 40. Kh2 c4 41. Qc5+ Ka6 42. Rd6+ Bc6 43. Rxc6+ Kb7 44. Rc7+ Ka6 45. Qa7+ Kb5 46. Rb7+ Kc6 47. Rc7+ Kd6 48. Qc5+ Ke6 49. Rc6+ Kd7 50. Qd6+ Ke8 51. Rc7 Ra7 52. Qe7# 1-0

[Event "ROM-ch U08"]
[Site "Calimanesti"]
[Date "2018.03.28"]
[Round "2"]
[White "Stanciu, Albert Nicolae"]
[Black "Barbaneagra, Dragos"]
[Result "0-1"]
[WhiteElo "1001"]
[BlackElo "1001"]
[PlyCount "60"]
[EventDate "2018.03.27"]
[EventType "swiss"]
[EventRounds "9"]
[EventCountry "ROU"]
[SourceTitle "CBM 183 Extra"]
[Source "ChessBase"]
[SourceDate "2018.04.19"]
[SourceVersion "1"]
[SourceVersionDate "2018.04.19"]
[SourceQuality "1"]

1. e4 e5 2. Nf3 Nc6 3. Bc4 Nf6 4. d3 Bb4+ 5. Nc3 0-0 6. 0-0 d6 7. Bg5 Bg4 8. Nd5 Nd4 9. c3 Nxf3+ 10. Kh1 Bc5 11. d4 Nxd4 12. cxd4 Bxd1 13. Raxd1 Bb6 14. dxe5 dxe5 15. Nxf6+ gxf6 16. Bh6 Qe8 17. Bxf8 Qxf8 18. Rd3 Qh6 19. Rg3+ Kf8 20. Bd5 Rd8 21. Bxb7 Qh5 22. Re3 Qd1 23. Ree1 Qd2 24. Ba6 Qxb2 25. Bc4 Bxf2 26. Rb1 Qd2 27. Bd5 Ke7 28. a4 Rg8 29. Rb7 Qg5 30. Rfb1 Qxg2# 0-1

[Event "ROM-ch U08"]
[Site "Calimanesti"]
[Date "2018.03.27"]
[Round "1"]
[White "Ianchis, David Cristian"]
[Black "Stanciu, Albert Nicolae"]
[Result "1-0"]
[WhiteElo "1055"]
[BlackElo "1001"]
[PlyCount "73"]
[EventDate "2018.03.27"]
[EventType "swiss"]
[EventRounds "9"]
[EventCountry "ROU"]
[SourceTitle "CBM 183 Extra"]
[Source "ChessBase"]
[SourceDate "2018.04.19"]
[SourceVersion "1"]
[SourceVersionDate "2018.04.19"]
[SourceQuality "1"]

1. e4 e5 2. Nf3 Nc6 3. Bc4 Nf6 4. d4 Nxd4 5. Nxd4 exd4 6. Bg5 d6 7. Qxd4 Bg4 8. Bxf6 Qxf6 9. e5 dxe5 10. Qxg4 Bc5 11. Qf3 0-0 12. Qxf6 gxf6 13. Nc3 Rad8 14. 0-0 Rd2 15. Bb3 Bxf2+ 16. Rxf2 Rxf2 17. Kxf2 a6 18. Nd5 c6 19. Nxf6+ Kh8 20. Rd1 b5 21. c4 bxc4 22. Bxc4 a5 23. Re1 a4 24. b3 axb3 25. axb3 Rd8 26. Rxe5 Rd2+ 27. Ke3 Rxg2 28. Re8+ Kg7 29. Rg8+ Kxf6 30. Rxg2 c5 31. Rf2+ Kg5 32. Rxf7 Kg6 33. Rc7 h5 34. Bf7+ Kg5 35. Rxc5+ Kh4 36. Kf3 Kh3 37. Rxh5# 1-0